000 00456nam a2200193Ia 4500
005 20250603144956.0
008 250603s9999 xx 000 0 und d
020 _a978-978-175-152-3
050 _aHF 5351 .E35/
100 _aEjiofor, Pita
245 0 _aFoundations of business administration
250 _a2nd ed.
260 _aOnitsha
260 _bAfricana First Pub.
260 _c2008
300 _a429 p
650 _aOnitsha
942 _cBK
999 _c40505
_d40505